Normal view
MARC view
- Pounder, Chris.Dr Kosten, Freddy
Entry Personal Name
001 - CONTROL NUMBER
- control field: 75490
003 - CONTROL NUMBER IDENTIFIER
- control field: NUST
005 - DATE AND TIME OF LATEST TRANSACTION
- control field: 20210628205425.0
008 - FIXED-LENGTH DATA ELEMENTS
- fixed length control field: 210628|| aca||aabn | a|a d
040 ## - CATALOGING SOURCE
- Original cataloging agency: NUST
- Transcribing agency: NUST
100 ## - HEADING--PERSONAL NAME
- Personal name: Pounder, Chris.Dr Kosten, Freddy
670 ## - SOURCE DATA FOUND
- Source citation: Work cat.: (NUST): Pounder, Chris.Dr Kosten, Freddy, Managing data protection, 1992
